000 00392nam a2200145Ia 4500
008 231129s2000||||xx |||||||||||||| ||spa||
020 _a958-14-0288-8
040 _bspa
082 _a986.14 C355e
100 _aCastro Socarrás ílvaro
245 0 _aEpisodios históricos del Cesar
260 _c2000
264 _aPlaza & Janes
942 _2ddc
_cBKS
999 _c13234
_d13234